| 000 | 00644nam a2200193 i 4500 | ||
|---|---|---|---|
| 001 | 91385 | ||
| 003 | ES-MaACL | ||
| 005 | 20250904063053.0 | ||
| 007 | t| | ||
| 008 | 050131s19271930sp f ||||1| spa d | ||
| 100 | 1 |
_aLevillier, Roberto, _d1886-1969 _971965 |
|
| 245 | 1 | 0 |
_aNueva crónica de la conquista del Tucumán _b: 1542-73 / _cRoberto Levillier. |
| 260 |
_aMadrid : _bSuc. de Rivadeneyra, _c1927 ( _g1930) |
||
| 300 |
_a2 v., 41 lám. ; _c25 cm. |
||
| 651 | 4 |
_aTucumán- _xHistoria. _9151019 |
|
| 651 | 4 |
_aArgentina- _xHistoria- _y1591-1810, Época colonial. _9156531 |
|
| 852 |
_aES-MaACL _jB-13351-52 |
||
| 999 |
_c91385 _d91385 |
||